Normal view
MARC view
Entry Personal Name
001 - CONTROL NUMBER
- control field: 976
003 - CONTROL NUMBER IDENTIFIER
- control field: BD-RjUL
005 - DATE AND TIME OF LATEST TRANSACTION
- control field: 20220130112651.0
008 - FIXED-LENGTH DATA ELEMENTS
- fixed length control field: 220130|| aca||aabn | a|a d
040 ## - CATALOGING SOURCE
- Original cataloging agency: BD-RjUL
- Transcribing agency: BD-RjUL
100 ## - HEADING--PERSONAL NAME
- Personal name: হক,মুু. আবদুল, কো - সুপারভাইজার
670 ## - SOURCE DATA FOUND
- Source citation: Work cat.: (BD-RjUL)79274: ফারায়েজী, মোহাম্মদ. আব্দুল হাকিম 972, কুডিগ্র্রামেে আরবী ও ইসলামী শিক্ষা সম্প্র্র্রসারণেে আলিমদের অবদান (১৯০০ -২০০৬) /, ২০১৪